| 000 | 02209nam0a22003491 4500 | ||
|---|---|---|---|
| 001 | v19\rc\1831044 | ||
| 005 | 20260406093252.0 | ||
| 035 | _a(NLR Aleph) 005257338 | ||
| 090 |
_a5865603 _c5865603 |
||
| 100 | _a20071224d1908 |||y0rusy50 ca | ||
| 101 | 1 |
_arus _cger |
|
| 102 | _aRU | ||
| 105 | _ac z ||||| | ||
| 200 | 1 |
_aСущность головной работы человека _eНовая критика чистого и практ. разума _fИ. Дицген _gПер. с нем. под ред. П. Когана |
|
| 210 |
_aМосква _cС. Скирмунт _d[1908] |
||
| 215 |
_a[4], LIV, 116 с., 1 л. фронт. (портр.) _d20 |
||
| 225 | 1 |
_aДешевая библиотека изд. Скирмунта _iСерия научно-философская _v№ 5 |
|
| 327 | 0 | _aС. XXVII-LIII: Положение и значение философских трудов Иосифа Дицгена / [Соч.] А. Паннекука | |
| 464 | 0 |
_12001#$aИосиф Дицген$eОчерк его жизни$fСоч. Евгения Дицгена _1215##$aС. I-XXVI _1700#1$3RU\NLR\AUTH\7791157$7ca$aДицген$bЕ.$f1862-1930$gЕвгений _tИосиф Дицген _aДицген, Евгений (1862-1930) |
|
| 464 | 0 |
_12001#$aПоложение и значение философских трудов Иосифа Дицгена$fСоч. А. Паннекука _1215##$aС. XXVII-LIII _1700#1$aПаннекук$bА.$f1873-$gАнтон _tПоложение и значение философских трудов Иосифа Дицгена _aПаннекук, Антон (1873-) |
|
| 532 | 1 | 3 | _aСущность головной работы человека |
| 700 | 1 |
_8rus _7ca _aДицген _bИ. _f1828-1888 _gИосиф _3RU\NLR\AUTH\7791049 _973976 |
|
| 702 | 1 |
_4340 _8rus _7ca _aКоган _bП. С. _cлитературовед _f1872-1932 _gПетр Семенович _3RU\NLR\AUTH\7765584 _948513 |
|
| 801 | 0 |
_aRU _bNLR _c20071224 _gpsbo |
|
| 801 | 0 |
_aRU _bRuMoRGB _c20071224 _2psbo |
|
| 801 | 1 |
_aRU _bProSoft-M _c20071224 _2rusmarc |
|
| 801 | 2 |
_aRU _bNLR _c20100828 _2rusmarc |
|
| 852 |
_aNLR _j38.42.4.3 |
||
| 852 |
_aNLR _j129/3206 |
||
| 942 | _cBOOK | ||
| 980 | _aNB | ||